| 000 | 00525nam a22001697a 4500 | ||
|---|---|---|---|
| 008 | 230602b |||||||| |||| 00| 0 eng d | ||
| 040 |
_aNational Science Library _cNational Science Library |
||
| 080 |
_aR 31(035) _bN2 |
||
| 245 |
_aHandbook of statistics 1991 _c/ Confederation of Indian Industry |
||
| 250 | _a24th ed. | ||
| 260 |
_aNew Delhi: _bConfederation of Indian Industry, _c1992 |
||
| 300 | _alxiv, 351p. | ||
| 365 |
_b250.00 _cINR |
||
| 650 | _aStatistics | ||
| 653 | _aSteel industry | ||
| 942 |
_2udc _cHDK |
||
| 999 |
_c38752 _d38752 |
||